| 000 | 00668cam a2200217 a 4500 | ||
|---|---|---|---|
| 999 |
_c6315 _d6315 |
||
| 001 | 10538 | ||
| 003 | BD-DhUAP | ||
| 005 | 20201229122412.0 | ||
| 008 | 201229s2007 ii abf b f000 0 eng | ||
| 020 | _a9788180381553 | ||
| 040 |
_aBD-DhUAP _cBD-DhUAP _dBD-DhUAP _bEng |
||
| 082 |
_a349.95403 AIY _223 |
||
| 100 | _aAiyar, K. J. | ||
| 245 |
_aK. J. Aiyer's judicial dictionary : _ba complete law lexicon / _cK. J. Aiyar. |
||
| 250 | _a14th ed. | ||
| 260 |
_aNew Delhi : _bLexisNexis Butterworths, _cc2007. |
||
| 300 |
_axxii, 1183 pages ; _c26 cm. |
||
| 650 |
_aLaw _vDictionaries _zIndia. |
||
| 942 |
_2ddc _cBK |
||